Sports Quiz

Random Sports Quiz
Score 0/20 Timer 05:00
0 Plays Today
Year Driver % Correct
1998Juan Pablo Montoya
87.9%
1999Nick Heidfeld
84.8%
2004Vitantonio Liuzzi
69.7%
1992Luca Badoer
69.7%
2003Bjorn Wirdheim
66.7%
1989Jean Alesi
66.7%
2002 Sebastien Bourdais
63.6%
2001Justin Wilson
60.6%
1993Olivier Panis
57.6%
1995Vincenzo Sospiri
54.5%
Year Driver % Correct
2000Bruno Junqueira
51.5%
1997Ricardo Zonta
45.5%
1991Christian Fittipaldi
42.4%
1988Roberto Moreno
42.4%
1986Ivan Capelli
42.4%
1990Erik Comas
39.4%
1985Christian Danner
39.4%
1996Jorg Muller
36.4%
1994Jean-Christophe Boullion
30.3%
1987Stefano Modena
30.3%

You're not logged in!

Compare scores with friends on all Sporcle quizzes.
OR
Log In

Sporcle TV

Today on Sporcle TV


Watch our educational content, quiz creation guides, and fun videos on Sporcle TV.

Show Comments

Extras

Created Oct 8, 2009ReportNominate
Tags:3000, champion, Driver, fia, formula

Top Quizzes Today


Score Distribution

Paid Content

Your Account Isn't Verified!

In order to create a playlist on Sporcle, you need to verify the email address you used during registration. Go to your Sporcle Settings to finish the process.

Report this User

Report this user for behavior that violates our Community Guidelines.

Details: